| 000 | 00608nam a2200169 a 4500 | ||
|---|---|---|---|
| 001 | 000049046 | ||
| 005 | 20201002061617.0 | ||
| 008 | 190716s1976 dr 000 0 spa d | ||
| 040 |
_aDO-SdBNP _bspa _cBNPHU |
||
| 082 |
_axx _bxx |
||
| 245 | 0 | 0 | _aHomenaje del gobierno dominicano al maestro José de Jesús Ravelo, en el Centernario de su Nacimiento. |
| 260 |
_aSanto Domingo, República Dominicana : _bDirección General de Cultura, _c1976. |
||
| 300 |
_a80 p. ; _c22 cm. |
||
| 500 | _a1976 Año de Duarte | ||
| 590 | _aInventariado, 2019/VM | ||
| 710 | 2 |
_aSecretaría de Estado (República Dominicana) _976447 |
|
| 999 |
_c48534 _d48534 |
||